[Event "MMaS_2014_U16"]
[Site "?"]
[Date "2014.10.27"]
[Round "6.10"]
[White "Horvath, Tomas"]
[Black "Hartingerova, Martina"]
[Result "1-0"]
[WhiteElo "1656"]
[BlackElo "1478"]
[PlyCount "127"]
[EventDate "2014.10.25"]

1. e4 c5 2. Nf3 a6 3. d4 cxd4 4. Nxd4 e5 5. Nb3 Nf6 6. Nc3 Bb4 7. Bd3 d5 8.
exd5 Qxd5 9. O-O Bxc3 10. bxc3 O-O 11. Ba3 Re8 12. Qe2 e4 13. Rfe1 h6 14. Bc4
Qg5 15. Qe3 Qe5 16. Qd4 Nc6 17. Qc5 Qxc5 18. Bxc5 b5 19. Bf1 Bb7 20. a4 Nd5 21.
axb5 axb5 22. Bxb5 Rxa1 23. Rxa1 Nxc3 24. Ba6 Bxa6 25. Rxa6 Rd8 26. h3 Rd1+ 27.
Kh2 Nd8 28. Bd4 Rxd4 29. Nxd4 Kh7 30. Ra8 Nb7 31. Ra7 Nd6 32. Rd7 Ne8 33. Rxf7
Kg6 34. Re7 Nf6 35. Ne6 Nh5 36. Nd4 Nf4 37. Rc7 Nd1 38. g3 Nd5 39. Rc5 N5c3 40.
Kg2 Kf6 41. Nf5 Ne2 42. Ne3 Ndc3 43. Nd5+ Nxd5 44. Rxd5 Ke6 45. c4 Nc3 46. Ra5
Kd6 47. Ra7 g5 48. Ra6+ Kc5 49. Rxh6 Kxc4 50. Rc6+ Kd4 51. h4 gxh4 52. gxh4 Nd5
53. Rd6 Ke5 54. Rxd5+ Kxd5 55. Kg3 Ke5 56. Kg4 Kf6 57. Kf4 Kg6 58. Kxe4 Kh5 59.
f4 Kxh4 60. f5 Kg5 61. Ke5 Kh6 62. f6 Kh7 63. Ke6 Kg8 64. Ke7 1-0

[Event "MMaS_2014_FIDE"]
[Site "?"]
[Date "2014.10.27"]
[Round "6.1"]
[White "Sramek, Ondrej"]
[Black "Kislinsky, Alexey"]
[Result "0-1"]
[WhiteElo "1863"]
[BlackElo "2482"]
[PlyCount "96"]
[EventDate "2014.10.25"]

1. e4 c5 2. Nf3 Nc6 3. d4 cxd4 4. Nxd4 g6 5. Nc3 Bg7 6. Be3 Nf6 7. Be2 O-O 8.
O-O d6 9. Qd2 Bd7 10. f4 Rc8 11. Kh1 a6 12. a4 Nxd4 13. Bxd4 Bc6 14. Bf3 Nd7
15. Bxg7 Kxg7 16. Rad1 Qb6 17. b3 Qc5 18. e5 dxe5 19. Bxc6 Qxc6 20. Qxd7 Qxd7
21. Rxd7 Rxc3 22. fxe5 Re8 23. Rxb7 Rxc2 24. Re1 Rc6 25. Kg1 Re6 26. Re3 Rc8
27. Kf2 Rc5 28. b4 Rcxe5 29. Rxe5 Rxe5 30. Rb6 Re4 31. Rxa6 Rxb4 32. Ke3 Rb2
33. Kf3 f5 34. a5 g5 35. Re6 Kf7 36. Rh6 e5 37. Rxh7+ Kg6 38. Rc7 e4+ 39. Ke3
Rxg2 40. a6 Rxh2 41. Rc6+ Kh5 42. Rc8 Ra2 43. Ra8 Ra3+ 44. Ke2 Kg4 45. a7 f4
46. Re8 Ra2+ 47. Ke1 Rxa7 48. Rxe4 Kf5 0-1

[Event "MMaS_2014_FIDE"]
[Site "?"]
[Date "2014.10.27"]
[Round "6.2"]
[White "Nabelek, Marek"]
[Black "Hajek, Oskar"]
[Result "1/2-1/2"]
[WhiteElo "2270"]
[BlackElo "2006"]
[PlyCount "54"]
[EventDate "2014.10.25"]

1. e4 d6 2. d4 Nf6 3. Nc3 e5 4. Nf3 Nbd7 5. Bc4 Be7 6. O-O O-O 7. Qe2 c6 8. a4
exd4 9. Nxd4 Ne5 10. Bb3 c5 11. Ndb5 a6 12. Na3 Be6 13. Bxe6 fxe6 14. Nc4 Nxc4
15. Qxc4 d5 16. Qe2 d4 17. Nd1 b5 18. e5 Nd7 19. axb5 axb5 20. Rxa8 Qxa8 21.
Qxb5 Nxe5 22. Qe2 Qd5 23. Re1 Bd6 24. f4 Ng6 25. c4 Qf5 26. g3 Re8 27. Nf2 Qf7
1/2-1/2

[Event "MMaS_2014_FIDE"]
[Site "?"]
[Date "2014.10.27"]
[Round "6.4"]
[White "Netusil, Jan"]
[Black "Krajicek, Filip"]
[Result "1/2-1/2"]
[WhiteElo "1837"]
[BlackElo "1508"]
[PlyCount "30"]
[EventDate "2014.10.25"]

1. e4 c5 2. Nc3 d6 3. f4 g6 4. Nf3 Bg7 5. Bc4 Nf6 6. O-O O-O 7. d3 Nc6 8. Qe1
e5 9. f5 gxf5 10. Bg5 h6 11. Bh4 Ne7 12. Qg3 f4 13. Qe1 Ng6 14. Kh1 Nxh4 15.
Nxh4 Ng4 1/2-1/2

[Event "MMaS_2014_FIDE"]
[Site "?"]
[Date "2014.10.27"]
[Round "6.5"]
[White "Chytil, Petr"]
[Black "Macek, Oldrich"]
[Result "1-0"]
[WhiteElo "1751"]
[BlackElo "1676"]
[PlyCount "67"]
[EventDate "2014.10.25"]

1. Nf3 c5 2. g3 g6 3. Bg2 Bg7 4. O-O Nf6 5. c4 Nc6 6. Nc3 O-O 7. d4 cxd4 8.
Nxd4 Qb6 9. Nf3 d6 10. e4 Bd7 11. Rb1 Rac8 12. b3 Qc7 13. Re1 Rfe8 14. Bb2 h6
15. h3 Rcd8 16. Nd5 Qb8 17. Qe2 Nh5 18. Rbd1 Qc8 19. Kh2 f5 20. exf5 gxf5 21.
Bxg7 Nxg7 22. Nh4 Kh7 23. Bf3 Ne5 24. Bh5 Nxh5 25. Qxh5 Rg8 26. Nxe7 Qc5 27.
Re3 Rg5 28. Qe2 f4 29. gxf4 Bg4 30. Qc2+ Kh8 31. fxg5 Bxd1 32. Qxd1 Qc7 33.
Nhg6+ Nxg6 34. Nxg6+ 1-0

[Event "MMaS_2014_FIDE"]
[Site "?"]
[Date "2014.10.27"]
[Round "6.6"]
[White "Volek, Karel"]
[Black "Effenberger, Adam"]
[Result "1-0"]
[WhiteElo "1923"]
[BlackElo "1786"]
[PlyCount "145"]
[EventDate "2014.10.25"]

1. e4 c5 2. Nf3 e6 3. d4 cxd4 4. Nxd4 a6 5. a3 b5 6. g3 Bb7 7. Bg2 Nf6 8. Qd3
Bc5 9. b4 Be7 10. O-O Nc6 11. f4 Nxd4 12. Qxd4 Rc8 13. Qd3 Qc7 14. Ra2 O-O 15.
Be3 a5 16. c3 Qc4 17. Qxc4 Rxc4 18. e5 Nd5 19. Bd2 a4 20. Rc1 Bd8 21. Be1 Rc7
22. Bf2 Be7 23. Rac2 Rfc8 24. Bd4 f6 25. Nd2 fxe5 26. fxe5 Bg5 27. Bc5 Ne3 28.
Bxb7 Rxb7 29. Ne4 Nxc2 30. Rxc2 Rxc5 31. bxc5 Be3+ 32. Kf1 Rc7 33. c4 Bxc5 34.
cxb5 Bd6 35. Rxc7 Bxc7 36. Nc5 Kf7 37. Nxa4 Bxe5 38. Nc5 Ke7 39. a4 Kd6 40. Nd3
Bd4 41. Ke2 Kc7 42. Nc1 Kb6 43. Nb3 Bf6 44. Kd3 d5 45. h3 h5 46. g4 hxg4 47.
hxg4 e5 48. Kd2 e4 49. Ke2 d4 50. Nd2 d3+ 51. Kd1 Ka5 52. Nxe4 Bd4 53. Kd2 Kxa4
54. Kxd3 Bg1 55. Kc4 Ka5 56. Nd6 Kb6 57. Nf5 g5 58. Ne7 Bf2 59. Nd5+ Kb7 60.
Kd3 Be1 61. Ke4 Bd2 62. Ne3 Bc1 63. Nc4 Kc7 64. Kd5 Bf4 65. b6+ Kb7 66. Kc5 Bg3
67. Nd6+ Kb8 68. Kc6 Bf4 69. Ne4 Kc8 70. b7+ Kb8 71. Nc5 Ka7 72. Nd7 Bg3 73.
b8=Q+ 1-0

[Event "MMaS_2014_FIDE"]
[Site "?"]
[Date "2014.10.27"]
[Round "6.8"]
[White "Stonavsky, Filip"]
[Black "Hadámek, Miroslav"]
[Result "1-0"]
[WhiteElo "1728"]
[BlackElo "1745"]
[PlyCount "84"]
[EventDate "2014.10.25"]

1. d4 d5 2. c4 e6 3. Nf3 Nf6 4. Bg5 Be7 5. e3 O-O 6. Nc3 h6 7. Bh4 b6 8. Bxf6
Bxf6 9. cxd5 exd5 10. h3 Bb7 11. Rc1 c6 12. Bd3 Re8 13. O-O Nd7 14. b4 a5 15.
b5 c5 16. dxc5 Nxc5 17. Nd4 Nxd3 18. Qxd3 Rc8 19. Nce2 Qd7 20. e4 Rxc1 21. Rxc1
Rc8 22. Rxc8+ Qxc8 23. Qc2 Qxc2 24. Nxc2 Kf8 25. Ned4 Ke7 26. Kf1 Kd6 27. Nb3
Bc8 28. g4 h5 29. f3 hxg4 30. hxg4 g5 31. Ke2 Be5 32. Ncd4 Bxd4 33. Nxd4 Kc5
34. Nc6 Bd7 35. Ne5 Be6 36. Nc6 Kxb5 37. Nd8 Kb4 38. Nxe6 fxe6 39. f4 Kc5 40.
Kd3 Kd6 41. Kd4 e5+ 42. fxe5+ Ke6 1-0

[Event "MMaS_2014_FIDE"]
[Site "?"]
[Date "2014.10.27"]
[Round "6.9"]
[White "Pistovcakova, Aneta"]
[Black "Stefanik, Richard"]
[Result "1/2-1/2"]
[WhiteElo "1671"]
[BlackElo "1736"]
[PlyCount "49"]
[EventDate "2014.10.25"]

1. e4 e5 2. Nf3 Nc6 3. Bc4 Bc5 4. c3 Nf6 5. d3 d6 6. Bb3 Bb6 7. Nbd2 O-O 8. Nf1
h6 9. Bc2 Ng4 10. Ne3 Nxe3 11. Bxe3 f5 12. Bxb6 axb6 13. Bb3+ Kh8 14. h4 fxe4
15. dxe4 Bg4 16. Qd3 Bxf3 17. gxf3 Qf6 18. Ke2 Ne7 19. h5 Rad8 20. Rag1 c6 21.
Bc2 Qf7 22. Rg3 Qxa2 23. b3 Qa6 24. c4 Qa3 25. Rhg1 1/2-1/2

[Event "MMaS_2014_FIDE"]
[Site "?"]
[Date "2014.10.27"]
[Round "6.11"]
[White "Milfort, Vaclav"]
[Black "Kotas, Marian"]
[Result "1-0"]
[WhiteElo "1604"]
[BlackElo "1494"]
[PlyCount "49"]
[EventDate "2014.10.25"]

1. c4 d6 2. d4 Nf6 3. Nc3 g6 4. e4 Bg7 5. Nf3 c5 6. dxc5 dxc5 7. Qxd8+ Kxd8 8.
Ne5 Be6 9. Be3 Nxe4 10. Rd1+ Nd6 11. Nf3 Bxc3+ 12. bxc3 b6 13. Bf4 Kc7 14.
Bxd6+ exd6 15. Be2 Nc6 16. O-O Na5 17. Nd2 b5 18. cxb5 Bxa2 19. Ra1 Rhe8 20.
Rfe1 Bc4 21. Bxc4 Nxc4 22. Nxc4 d5 23. Ne3 Kb6 24. Nxd5+ Kxb5 25. Nc7+ 1-0

[Event "MMaS_2014_FIDE"]
[Site "?"]
[Date "2014.10.27"]
[Round "6.12"]
[White "Michalek, Miroslav"]
[Black "Dumek, Ales"]
[Result "1-0"]
[WhiteElo "1793"]
[BlackElo "1339"]
[PlyCount "42"]
[EventDate "2014.10.25"]

1. e4 e5 2. Nf3 Nc6 3. Bb5 Nd4 4. Nxd4 exd4 5. d3 c6 6. Bc4 d6 7. O-O Nf6 8.
Bg5 Be7 9. Re1 Ng4 10. Bxe7 Qxe7 11. h3 Nf6 12. Nd2 O-O 13. f4 b5 14. Bb3 Qc7
15. a4 Be6 16. Qf3 Bxb3 17. Nxb3 Rab8 18. axb5 Rxb5 19. Ra2 c5 20. Rea1 d5 21.
e5 Rb7 1-0

[Event "MMaS_2014_FIDE"]
[Site "?"]
[Date "2014.10.27"]
[Round "6.14"]
[White "Neumann, Karel"]
[Black "Richterova, Natasa"]
[Result "1-0"]
[WhiteElo "1314"]
[BlackElo "1171"]
[PlyCount "121"]
[EventDate "2014.10.25"]

1. e4 d5 2. exd5 Qxd5 3. Nc3 Qd6 4. Bc4 c6 5. d3 e6 6. Nf3 h6 7. O-O Nf6 8. Re1
Qc7 9. Be3 Nbd7 10. h3 Bd6 11. Kh1 O-O 12. Qd2 Ne5 13. Nxe5 Bxe5 14. Rab1 Rd8
15. f4 Bd6 16. Qf2 b5 17. Bb3 Be7 18. Ra1 a6 19. Bb6 Qd7 20. Bxd8 Bxd8 21. Qf3
Bb7 22. Ne4 Be7 23. Rad1 Rd8 24. d4 Qc7 25. c3 Qc8 26. Bc2 Qc7 27. b4 a5 28. a3
a4 29. Rd2 Rd5 30. Red1 Bc8 31. g3 Bb7 32. Kh2 Bc8 33. Nc5 Bxc5 34. bxc5 Qd7
35. g4 Qc7 36. Kg2 Rd8 37. Re1 Re8 38. Qg3 Nd7 39. Rde2 Nf8 40. f5 Qe7 41. fxe6
Bxe6 42. Bf5 Qf6 43. Qe5 Qxe5 44. Rxe5 g6 45. Bxe6 Nxe6 46. Kg3 Kf8 47. d5 cxd5
48. Rxd5 Rc8 49. Ree5 Ke7 50. Kf3 Kf6 51. h4 g5 52. h5 Rc6 53. Ke4 Rc7 54. Rd6
Rc8 55. c6 Rc7 56. Rxb5 Ke7 57. Kd5 Nf4+ 58. Kc5 Nxh5 59. Rb7 Rxb7 60. cxb7 Nf6
61. Rxf6 1-0

[Event "MMaS_2014_FIDE"]
[Site "?"]
[Date "2014.10.28"]
[Round "7.1"]
[White "Kislinsky, Alexey"]
[Black "Chytil, Petr"]
[Result "1-0"]
[WhiteElo "2482"]
[BlackElo "1751"]
[PlyCount "58"]
[EventDate "2014.10.25"]

1. e4 e6 2. d4 d5 3. e5 c5 4. c3 Nc6 5. Nf3 Qb6 6. Na3 cxd4 7. cxd4 Bxa3 8.
bxa3 Bd7 9. Be2 Nge7 10. O-O Nf5 11. Be3 O-O 12. Rb1 Qc7 13. Bd3 Rae8 14. g4
Nxe3 15. fxe3 f5 16. exf6 Rxf6 17. g5 Rff8 18. Qc2 Rf5 19. Bxf5 exf5 20. Qc5
Rxe3 21. Ne5 Qc8 22. Nxc6 bxc6 23. Rf2 Qd8 24. h4 Re8 25. Qd6 Re7 26. Rxf5 Re6
27. Qb8 Qxb8 28. Rxb8+ Re8 29. Rxe8+ Bxe8 1-0

[Event "MMaS_2014_FIDE"]
[Site "?"]
[Date "2014.10.28"]
[Round "7.2"]
[White "Krejca, Jakub"]
[Black "Nabelek, Marek"]
[Result "1/2-1/2"]
[WhiteElo "1887"]
[BlackElo "2270"]
[PlyCount "44"]
[EventDate "2014.10.25"]

1. e4 c5 2. Nf3 g6 3. d4 cxd4 4. Nxd4 Bg7 5. c4 Nc6 6. Be3 Nf6 7. Nc3 Ng4 8.
Qxg4 Nxd4 9. Qd1 Ne6 10. Qd2 Qa5 11. Rc1 d6 12. Be2 Bd7 13. O-O Bc6 14. f3 O-O
15. a3 Rfc8 16. Rfd1 Kf8 17. Kh1 Ke8 18. Qe1 Be5 19. Bf1 Bf4 20. Bxf4 Nxf4 21.
Qd2 Qe5 22. b4 b6 1/2-1/2

[Event "MMaS_2014_FIDE"]
[Site "?"]
[Date "2014.10.28"]
[Round "7.3"]
[White "Hajek, Oskar"]
[Black "Sramek, Ondrej"]
[Result "1-0"]
[WhiteElo "2006"]
[BlackElo "1863"]
[PlyCount "77"]
[EventDate "2014.10.25"]

1. e4 e5 2. Nf3 Nc6 3. Bb5 a6 4. Ba4 Nf6 5. d3 d6 6. c3 Bd7 7. O-O g6 8. h3 Bg7
9. Re1 O-O 10. Nbd2 h6 11. Nf1 Kh7 12. Ng3 Re8 13. Bc2 Qe7 14. Nh2 d5 15. exd5
Nxd5 16. d4 Be6 17. dxe5 Nxe5 18. Nf3 Nxf3+ 19. Qxf3 Qf6 20. Qxf6 Nxf6 21. Bf4
c6 22. a3 Rad8 23. Rad1 Bd5 24. Be5 Rd7 25. Nf5 Nh5 26. Nxg7 Nxg7 27. c4 Be6
28. Rxd7 Bxd7 29. Bc3 c5 30. Rd1 Bc6 31. Kf1 Ne6 32. Rd2 Nf4 33. f3 f5 34. b4
Ne6 35. Rd6 Kg8 36. h4 Kf7 37. h5 cxb4 38. axb4 Rd8 39. hxg6+ 1-0

[Event "MMaS_2014_FIDE"]
[Site "?"]
[Date "2014.10.28"]
[Round "7.4"]
[White "Olsar, Zdenek"]
[Black "Stonavsky, Filip"]
[Result "1-0"]
[WhiteElo "1931"]
[BlackElo "1728"]
[PlyCount "141"]
[EventDate "2014.10.25"]

1. e4 c6 2. Nc3 d5 3. Nf3 dxe4 4. Nxe4 Bf5 5. Ng3 Bg6 6. h4 h6 7. Ne5 Bh7 8.
Qh5 g6 9. Bc4 e6 10. Qe2 Qe7 11. d4 Bg7 12. Bf4 Nf6 13. O-O-O Nd5 14. Bd2 Nd7
15. Nxd7 Qxd7 16. Ne4 b6 17. Bb3 a5 18. c4 Ne7 19. Bf4 Nf5 20. Be5 O-O 21. Nf6+
Bxf6 22. Bxf6 Ng7 23. g4 Ne8 24. g5 h5 25. Qf3 a4 26. Bc2 Ra5 27. Be4 Nxf6 28.
Qxf6 Qc7 29. f4 Rd8 30. Kb1 Rd7 31. Rhf1 Qd6 32. d5 exd5 33. Qxd6 Rxd6 34. cxd5
cxd5 35. Rd4 f5 36. gxf6 Kf7 37. f5 gxf5 38. Bxf5 Bxf5+ 39. Rxf5 Rxf6 40. Rxh5
Rf1+ 41. Kc2 Rf2+ 42. Rd2 Rc5+ 43. Kd1 Rxd2+ 44. Kxd2 Kg6 45. Rh8 Rc4 46. h5+
Kg7 47. Rd8 Rc5 48. Rd6 b5 49. Kd3 Kh7 50. h6 b4 51. Rb6 b3 52. axb3 axb3 53.
Kd4 Rc2 54. Rxb3 Kxh6 55. Kxd5 Kg6 56. Rb7 Kf6 57. b4 Rd2+ 58. Kc6 Ke6 59. Rh7
Rc2+ 60. Kb6 Kd6 61. b5 Rb2 62. Ka6 Ra2+ 63. Kb7 Rb2 64. b6 Rb3 65. Rc7 Rb2 66.
Ka7 Rb3 67. Rc2 Ra3+ 68. Kb8 Kd7 69. Rd2+ Ke7 70. Rg2 Rb3 71. b7 1-0

[Event "MMaS_2014_FIDE"]
[Site "?"]
[Date "2014.10.28"]
[Round "7.5"]
[White "Krajicek, Filip"]
[Black "Volek, Karel"]
[Result "1-0"]
[WhiteElo "1508"]
[BlackElo "1923"]
[PlyCount "67"]
[EventDate "2014.10.25"]

1. d4 Nf6 2. Nf3 g6 3. e3 Bg7 4. Bd3 d5 5. O-O O-O 6. Re1 b6 7. Nbd2 Nbd7 8. c3
c5 9. e4 dxe4 10. Nxe4 Bb7 11. dxc5 bxc5 12. Bg5 Qc7 13. Bxf6 Nxf6 14. Nxf6+
Bxf6 15. Be4 Rad8 16. Qa4 Bd5 17. Bxd5 Rxd5 18. Rad1 Rfd8 19. Rxd5 Rxd5 20. Rd1
Qa5 21. Qe8+ Kg7 22. Rxd5 Qxa2 23. Rd1 Qxb2 24. Qd7 a5 25. Qd2 Qb3 26. c4 a4
27. Qd3 Qb6 28. Qa3 Qc6 29. h3 e6 30. Rd2 Be7 31. Ra2 Bd6 32. Qxa4 Qb7 33. Qc2
h6 34. Qb2+ 1-0

[Event "MMaS_2014_FIDE"]
[Site "?"]
[Date "2014.10.28"]
[Round "7.7"]
[White "Effenberger, Adam"]
[Black "Pistovcakova, Aneta"]
[Result "1-0"]
[WhiteElo "1786"]
[BlackElo "1671"]
[PlyCount "57"]
[EventDate "2014.10.25"]

1. e4 c5 2. Nf3 g6 3. c4 Bg7 4. d4 cxd4 5. Nxd4 Nc6 6. Be3 Nf6 7. Nc3 d6 8. Be2
O-O 9. f3 Bd7 10. Qd2 Qa5 11. O-O Rfc8 12. Nxc6 Bxc6 13. Rac1 Nd7 14. a3 a6 15.
Rc2 Nb6 16. b4 Qxa3 17. Bxb6 Qxb4 18. Bd4 Qa5 19. Nd5 Bxd4+ 20. Qxd4 Bxd5 21.
exd5 b5 22. Ra1 Qc7 23. Rca2 b4 24. Rxa6 Rxa6 25. Rxa6 Qc5 26. Qxc5 dxc5 27.
Rc6 Rb8 28. Rxc5 b3 29. Rb5 1-0

[Event "MMaS_2014_FIDE"]
[Site "?"]
[Date "2014.10.28"]
[Round "7.9"]
[White "Macek, Oldrich"]
[Black "Milfort, Vaclav"]
[Result "1-0"]
[WhiteElo "1676"]
[BlackElo "1604"]
[PlyCount "73"]
[EventDate "2014.10.25"]

1. d4 d5 2. c4 c6 3. Nf3 Nd7 4. Nc3 e6 5. e3 Ngf6 6. Bd3 dxc4 7. Bxc4 Nb6 8.
Bb3 Be7 9. O-O O-O 10. Qe2 Nbd5 11. e4 Nxc3 12. bxc3 Re8 13. Bb2 a5 14. a4 Qb6
15. Nd2 Bd7 16. Rab1 c5 17. dxc5 Bxc5 18. Bc2 Qc7 19. e5 Nd5 20. Kh1 Bc6 21.
Qd3 g6 22. Qg3 f5 23. Nf3 b5 24. Ra1 Qb6 25. Nd2 bxa4 26. Nc4 Qa6 27. Nd6 Bxd6
28. exd6 Bb5 29. c4 Bxc4 30. Qe5 Nf6 31. Qxf6 e5 32. Rfe1 Re6 33. Qh4 Qxd6 34.
Qxc4 Qb6 35. Rxe5 Kf7 36. Rxe6 Qxb2 37. Rb6+ 1-0

[Event "MMaS_2014_FIDE"]
[Site "?"]
[Date "2014.10.28"]
[Round "7.11"]
[White "Hadamek, Miroslav"]
[Black "Neumann, Filip"]
[Result "1-0"]
[WhiteElo "1745"]
[BlackElo "1509"]
[PlyCount "53"]
[EventDate "2014.10.25"]

1. e4 c5 2. Nc3 d6 3. Nf3 Nf6 4. Bc4 e6 5. O-O Be7 6. Re1 Nbd7 7. d3 a6 8. a3
b5 9. Ba2 Bb7 10. Ng5 h6 11. Nf3 O-O 12. Ne2 d5 13. e5 Ne8 14. d4 cxd4 15. Qxd4
Qb6 16. Qg4 Kh8 17. c3 Qc7 18. Ned4 Nb6 19. Bb1 Nc4 20. Qh5 g6 21. Qxh6+ Kg8
22. Bxg6 fxg6 23. Nxe6 Qc6 24. Qxg6+ Kh8 25. Nxf8 Bxf8 26. Qxc6 Bxc6 27. b3 1-0

[Event "MMaS_2014_FIDE"]
[Site "?"]
[Date "2014.10.28"]
[Round "7.13"]
[White "Dumek, Ales"]
[Black "Neumann, Karel"]
[Result "0-1"]
[WhiteElo "1339"]
[BlackElo "1314"]
[PlyCount "40"]
[EventDate "2014.10.25"]

1. e4 e6 2. Nc3 d5 3. d4 Nf6 4. e5 Nfd7 5. Nf3 Be7 6. Bd3 O-O 7. O-O c5 8. dxc5
Bxc5 9. Ne2 Nc6 10. Ng3 Ncxe5 11. Nxe5 Nxe5 12. Bxh7+ Kh8 13. Qh5 g6 14. Bxg6+
Kg7 15. Qh7+ Kf6 16. Bf4 Nxg6 17. Nh5+ Kf5 18. Rae1 Bd6 19. Bxd6 Qxd6 20. Re2
e5 0-1

[Event "MMaS_2014_FIDE"]
[Site "?"]
[Date "2014.10.28"]
[Round "7.14"]
[White "Richterova, Natasa"]
[Black "Kotas, Marian"]
[Result "1-0"]
[WhiteElo "1171"]
[BlackElo "1494"]
[PlyCount "52"]
[EventDate "2014.10.25"]

1. d4 d6 2. c4 Nf6 3. Nf3 g6 4. Nc3 Bf5 5. Qb3 b6 6. e3 Bg7 7. Bd2 O-O 8. Be2
Nbd7 9. Nh4 Ne4 10. Nxf5 Nxd2 11. Kxd2 gxf5 12. Bf3 Rb8 13. Ke2 e5 14. dxe5
Nxe5 15. Rad1 Qg5 16. Nd5 Nxf3 17. gxf3 c6 18. Nf4 Be5 19. Rhg1 Qxg1 20. Rxg1+
Kh8 21. Nd3 Bxh2 22. Rg5 f4 23. Qd1 fxe3 24. fxe3 Rg8 25. Rxg8+ Rxg8 26. Qh1
Rg2+ 1-0

[Event "MMaS_2014_FIDE"]
[Site "?"]
[Date "2014.10.28"]
[Round "8.1"]
[White "Kislinsky, Alexey"]
[Black "Olsar, Zdenek"]
[Result "1-0"]
[WhiteElo "2482"]
[BlackElo "1931"]
[PlyCount "39"]
[EventDate "2014.10.25"]

1. e4 c5 2. c3 d5 3. exd5 Qxd5 4. d4 Nf6 5. Nf3 e6 6. Be2 Nc6 7. O-O Be7 8. a3
O-O 9. c4 Qd7 10. dxc5 Bxc5 11. b4 Bd4 12. Ra2 Rd8 13. b5 Bxf2+ 14. Kxf2 Qe7
15. Qc2 Qc5+ 16. Ke1 Nd4 17. Nxd4 Qxd4 18. Qd2 Qh4+ 19. g3 Rxd2 20. Rxd2 1-0

[Event "MMaS_2014_FIDE"]
[Site "?"]
[Date "2014.10.28"]
[Round "8.2"]
[White "Nabelek, Marek"]
[Black "Krajicek, Filip"]
[Result "1-0"]
[WhiteElo "2270"]
[BlackElo "1508"]
[PlyCount "35"]
[EventDate "2014.10.25"]

1. e4 c5 2. Nc3 e6 3. f4 d5 4. exd5 exd5 5. Bb5+ Nc6 6. Qe2+ Nge7 7. Bxc6+ bxc6
8. Nf3 Bg4 9. d3 Bxf3 10. Qxf3 g6 11. Qf2 Qd6 12. O-O Bg7 13. Be3 d4 14. Ne4
Qe6 15. Bd2 Qd5 16. c4 dxc3 17. Bxc3 Bxc3 18. bxc3 1-0

[Event "MMaS_2014_FIDE"]
[Site "?"]
[Date "2014.10.28"]
[Round "8.3"]
[White "Krejca, Jakub"]
[Black "Hajek, Oskar"]
[Result "1-0"]
[WhiteElo "1887"]
[BlackElo "2006"]
[PlyCount "99"]
[EventDate "2014.10.25"]

1. e4 d6 2. d4 Nf6 3. Nc3 Nbd7 4. f3 e5 5. Nge2 c6 6. Bg5 Be7 7. Qd2 b5 8. h4
h6 9. Be3 Qa5 10. g4 Nb6 11. Ng3 Nc4 12. Bxc4 bxc4 13. Kf2 h5 14. g5 Ng8 15.
dxe5 dxe5 16. Nf5 Bxf5 17. exf5 Rd8 18. Qe2 Qb4 19. Ne4 f6 20. c3 Qb5 21. Rhd1
Rd5 22. b3 Rxd1 23. Rxd1 cxb3 24. c4 Qb8 25. axb3 fxg5 26. hxg5 Qc8 27. Qd3 h4
28. f6 gxf6 29. gxf6 Nxf6 30. Nxf6+ Kf7 31. Ng4 Qe6 32. Qe4 Rh5 33. Kg2 h3+ 34.
Kh2 a5 35. Rd3 Bf8 36. c5 Be7 37. Bf2 a4 38. bxa4 Rf5 39. Nh6+ Qxh6 40. Qxf5+
Ke8 41. Qd7+ Kf7 42. Qf5+ Ke8 43. Qxh3 Qf4+ 44. Qg3 Qh6+ 45. Kg2 Qe6 46. Qg4
Qh6 47. a5 e4 48. fxe4 Bg5 49. Qd7+ Kf8 50. Qd6+ 1-0

[Event "MMaS_2014_FIDE"]
[Site "?"]
[Date "2014.10.28"]
[Round "8.4"]
[White "Netusil, Jan"]
[Black "Sramek, Ondrej"]
[Result "1/2-1/2"]
[WhiteElo "1837"]
[BlackElo "1863"]
[PlyCount "32"]
[EventDate "2014.10.25"]

1. b3 d5 2. Bb2 Bf5 3. e3 e6 4. Nf3 Nf6 5. Be2 Be7 6. O-O h6 7. d3 O-O 8. Nbd2
Nbd7 9. c4 c6 10. Ne5 Bh7 11. Ndf3 a6 12. Rc1 Qb6 13. Nxd7 Nxd7 14. Ne5 Nxe5
15. Bxe5 Rfd8 16. Qc2 Rac8 1/2-1/2

[Event "MMaS_2014_FIDE"]
[Site "?"]
[Date "2014.10.28"]
[Round "8.5"]
[White "Macek, Oldrich"]
[Black "Effenberger, Adam"]
[Result "1-0"]
[WhiteElo "1676"]
[BlackElo "1786"]
[PlyCount "49"]
[EventDate "2014.10.25"]

1. d4 c5 2. d5 g6 3. e4 Bg7 4. Nf3 Nf6 5. Nc3 O-O 6. h3 d6 7. Be2 e6 8. O-O
exd5 9. exd5 Re8 10. Bg5 Bf5 11. Nh4 Bd7 12. Qd2 Qb6 13. a4 Ne4 14. Nxe4 Rxe4
15. Bd3 Rxa4 16. Rxa4 Bxa4 17. b3 Bb5 18. c4 Bd7 19. Bc2 Na6 20. Re1 Qc7 21.
Qf4 Re8 22. Re7 Rxe7 23. Bxe7 Be5 24. Qh6 Qa5 25. Qf8# 1-0

[Event "MMaS_2014_FIDE"]
[Site "?"]
[Date "2014.10.28"]
[Round "8.7"]
[White "Volek, Karel"]
[Black "Hadamek, Miroslav"]
[Result "1-0"]
[WhiteElo "1923"]
[BlackElo "1745"]
[PlyCount "85"]
[EventDate "2014.10.25"]

1. e4 d5 2. exd5 Nf6 3. d4 Nxd5 4. c4 Nb4 5. a3 N4a6 6. Nc3 c6 7. Bf4 e6 8. Nf3
Bd6 9. Qd2 Bxf4 10. Qxf4 O-O 11. Bd3 Nd7 12. O-O Nf6 13. Rad1 Nc7 14. Rfe1 Qe7
15. Ne4 Nxe4 16. Bxe4 Rd8 17. d5 cxd5 18. cxd5 e5 19. Qxe5 Qxe5 20. Nxe5 f6 21.
Nc4 Rb8 22. d6 Ne8 23. a4 Bd7 24. a5 b6 25. axb6 axb6 26. g3 f5 27. Bf3 Nf6 28.
Ne5 Kf8 29. Nxd7+ Rxd7 30. Bc6 Rdd8 31. f4 b5 32. Re6 Kf7 33. Re7+ Kf8 34. Rb7
Rxb7 35. Bxb7 Ne4 36. Bxe4 fxe4 37. Kf2 Kf7 38. Ke3 Ke6 39. Kxe4 Rxd6 40. Rxd6+
Kxd6 41. Kd4 h6 42. g4 Kc6 43. Ke5 1-0

[Event "MMaS_2014_FIDE"]
[Site "?"]
[Date "2014.10.28"]
[Round "8.10"]
[White "Stefanik, Richard"]
[Black "Milfort, Vaclav"]
[Result "1-0"]
[WhiteElo "1736"]
[BlackElo "1604"]
[PlyCount "71"]
[EventDate "2014.10.25"]

1. e4 c5 2. c3 d6 3. d4 cxd4 4. cxd4 e6 5. Nf3 Nc6 6. Nc3 a6 7. a4 Nf6 8. Be2
Be7 9. O-O Bd7 10. h3 Rc8 11. Be3 Na5 12. Bd2 Nc4 13. Bxc4 Rxc4 14. Qb3 Qc7 15.
Rfc1 O-O 16. Be3 Rc8 17. Nd2 Rc6 18. d5 exd5 19. exd5 Nxd5 20. Qxd5 Be6 21. Qd3
Bf6 22. Nde4 Be7 23. Nd5 Bxd5 24. Qxd5 Qd7 25. Rxc6 bxc6 26. Qd2 Qe6 27. Ng3
Rb8 28. Rc1 c5 29. Re1 Qf6 30. Ne4 Qg6 31. Nc3 Rb4 32. Nd5 Re4 33. Nxe7+ Rxe7
34. Bxc5 Rxe1+ 35. Qxe1 f5 36. Ba3 1-0

[Event "MMaS_2014_FIDE"]
[Site "?"]
[Date "2014.10.28"]
[Round "8.11"]
[White "Pistovcakova, Aneta"]
[Black "Neumann, Karel"]
[Result "1-0"]
[WhiteElo "1671"]
[BlackElo "1314"]
[PlyCount "53"]
[EventDate "2014.10.25"]

1. e4 e6 2. d3 d5 3. Nd2 Nf6 4. g3 Nbd7 5. Bg2 dxe4 6. dxe4 e5 7. Ne2 c6 8. O-O
Bc5 9. h3 O-O 10. g4 b6 11. Ng3 Ba6 12. Re1 g6 13. Nb3 Kg7 14. Nd2 b5 15. Ndf1
Qb6 16. Be3 Rfd8 17. Qf3 Bxe3 18. Nxe3 Nc5 19. h4 Rd6 20. Ngf5+ gxf5 21. Nxf5+
Kf8 22. Nxd6 Qd8 23. Rad1 Qe7 24. Qe3 Nxg4 25. Qxc5 Kg8 26. Qc3 Qxh4 27. Qg3
1-0

[Event "MMaS_2014_FIDE"]
[Site "?"]
[Date "2014.10.28"]
[Round "8.12"]
[White "Kotas, Marian"]
[Black "Michalek, Miroslav"]
[Result "0-1"]
[WhiteElo "1494"]
[BlackElo "1793"]
[PlyCount "110"]
[EventDate "2014.10.25"]

1. d3 d5 2. Nf3 Nf6 3. g3 c6 4. Bg2 Bg4 5. h3 Bh5 6. g4 Bg6 7. Ne5 Nbd7 8. Nxg6
hxg6 9. e3 e6 10. Nc3 Bd6 11. Bd2 Qc7 12. Qe2 O-O-O 13. O-O-O Nb6 14. e4 d4 15.
Nb1 e5 16. Ba5 c5 17. Nd2 Qc6 18. Nc4 Bc7 19. Bxb6 axb6 20. Qf3 b5 21. Na3 b4
22. Nb1 Qe6 23. b3 Rd6 24. Kb2 Ra6 25. g5 Nh5 26. h4 Nf4 27. Qxf4 exf4 28. Bh3
Qxh3 29. Rxh3 Kd7 30. f3 Rha8 31. a3 bxa3+ 32. Ka2 b5 33. Nd2 Rh8 34. Nb1 Bd6
35. c3 Be5 36. Rc1 Kd6 37. c4 b4 38. Rch1 Rh5 39. Nd2 Ra8 40. Nf1 Rah8 41. Nd2
Ke6 42. Nf1 Bd6 43. Nd2 Be7 44. e5 Bxg5 45. Ne4 Be7 46. Nd6 Bxd6 47. exd6 Kxd6
48. Re1 Rxh4 49. Rxh4 Rxh4 50. Re8 Rh2+ 51. Kb1 Rb2+ 52. Ka1 Rxb3 53. Rg8 Rxd3
54. Rxg7 b3 55. Rxf7 Rd1# 0-1